| 000 | 00823 aa a2200217 4500 | ||
|---|---|---|---|
| 005 | 20120601101514.0 | ||
| 010 | _a | ||
| 020 |
_c250.00 _a |
||
| 035 | _aB-76630 | ||
| 037 | _bpub | ||
| 082 | _a591 | ||
| 100 |
_aसक्सेना, एम.एम. _948279 |
||
| 245 |
_aआर.पी.यूनीफाइड जन्तु विज्ञान / _cएम.एम.सक्सेना |
||
| 246 |
_a _b |
||
| 260 |
_aआगरा _bरामप्रसाद एंड संस _c2002-2003 |
||
| 270 |
_a _b _e |
||
| 300 |
_aवि.पृ _c22 सेमी (अजिल्द) |
||
| 490 |
_a _948280 |
||
| 942 |
_adpl _cHN _k _2ddc _h591 _mसक्सेना |
||
| 999 |
_c67399 _d67399 |
||